El vado de la noche: novela de la raza

Salvato in:
Dettagli Bibliografici
Autore principale: Yankas, Lautaro (Autore)
Natura: Libro
Lingua:spagnolo
Pubblicazione: Santiago Zig Zag 1955
Soggetti:
Tags: Aggiungi Tag
Nessun Tag, puoi essere il primo ad aggiungerne!!

MARC

LEADER 00000nam a2200000 a 4500
001 UCP1891
003 CL-VaPUC
008 990426e19550000CL |||||||||||||||||spa|d
082 0 4 |a Ch863  |b YAN  |2 21 
100 0 |a Yankas, Lautaro  |e author  |9 319152 
245 1 3 |a El vado de la noche: novela de la raza 
300 |a 204 p 
942 |c BK 
945 |d 19990426 00:00:00  |a lriquelm 
260 |a Santiago  |b Zig Zag  |c 1955 
650 0 |a Novelas chilenas   |9 265425 
650 0 |a Literatura chilena   |9 308278 
583 |a last modification  |c 19990426 00:00:00  |k Rodrigo Vera 
999 |c 280522  |d 280520 
952 |0 0  |1 0  |4 0  |6 CH_863_000000000000000_YAN_1955  |7 0  |8 A  |9 320857  |a BIBEDU  |b BIBEDU  |d 2019-11-20  |i 1338145  |o Ch863 YAN 1955  |p 1338145  |r 2019-11-20  |w 2019-11-20  |y BK  |k LIT